000 00587nam a2200217 a 4500
999 _c5519
_d5519
001 5519
003 BD-JhCC
005 20171217185926.0
008 171217s1988 i a|||| || | 000 0 eng d
035 _a(BD-JhCC)5519
040 _aBD-JhCC
_dBD-JhCC
041 _aeng
082 _a516
_bASK 1988
100 _aAskwith, The Rev. E. H.
245 _aThe Analytical Geometry of the conic Sections /
_cThe Rev. E. H. Askwith,
260 _aCalcutta :
_bRadha publishing house,
_c1988.
300 _a443 p. :
_bill. ;
_c21 cm.
650 _aGeometry
942 _2ddc
_cBK